History Quiz

Random History or War Quiz

Wars in Chronological Order Quiz Stats

Quiz Updated Apr 10, 2015

Also try: A History of War
Challenge
Share
Tweet
Embed
Score 0/15 Timer 04:00
1 Play Today
% Correct
Pyrrhic War
78.7%
Second Punic War
78.2%
Hundred Years' War
75.8%
American Revolution
65.1%
French Revolution
61.9%
French and Indian War
59.8%
Vietnam War
57.8%
World War II
53.8%
% Correct
Korean War
53%
War of 1812
50.6%
American Civil War
49.3%
World War I
46.3%
Spanish-American War
44.7%
Russian Civil War
43.2%
First Boer War
37.3%

You're not logged in!

Compare scores with friends on all Sporcle quizzes.
Sign Up with Email
OR
Log In

You Might Also Like...

Show Comments

Extras

Top Quizzes Today


Score Distribution

Your Account Isn't Verified!

In order to create a playlist on Sporcle, you need to verify the email address you used during registration. Go to your Sporcle Settings to finish the process.